| 000 | 00745nam a2200217 a 4500 | ||
|---|---|---|---|
| 001 | 000032386 | ||
| 005 | 20250924073803.0 | ||
| 008 | 110715s2011 dr a 000 p spa d | ||
| 040 |
_aDO-SdBNP _bspa _cBNPHU |
||
| 082 |
_aRD861.44 _bA859a |
||
| 100 | 1 |
_aAstrarí, Asha _958362 |
|
| 245 | 1 | 0 |
_aAlgo de mí, algo de ti / _cAsha Astrarí. |
| 260 |
_aSanto Domingo : _bEditora Universitaria, _c2011. |
||
| 300 |
_a101 p. ; _c22 cm. |
||
| 490 | 1 | _aPublicaciones de la Universidad Autónoma de Santo Domingo | |
| 590 | _aInventariado, 2018/LP | ||
| 650 | 0 |
_aPoesía dominicana _966 |
|
| 650 | 0 |
_aLiteratura dominicana. _967 |
|
| 830 |
_aPublicaciones de la Universidad Autónoma de Santo Domingo _952 |
||
| 910 | _aValidado. Control de calidad BNPHU | ||
| 999 |
_c31877 _d31877 |
||